[Event "Oskarja Memorial 10th"]
[Site "Chess.com INT"]
[Date "2021.01.16"]
[Round "8"]
[White "Buljic, Semir"]
[Black "Zobenica, Cedomir"]
[Result "0-1"]
[WhiteElo "1703"]
[BlackElo "1430"]
[PlyCount "48"]
[EventDate "2021.01.16"]
[EventType "swiss (blitz)"]
[EventRounds "15"]
[EventCountry "SLO"]
[SourceTitle "CBM 200 Extra"]
[Source "ChessBase"]
[SourceDate "2021.03.31"]
[SourceVersion "1"]
[SourceVersionDate "2021.03.31"]
[SourceQuality "1"]

1. d4 d5 2. e3 Nf6 3. Bd3 a6 4. Bd2 b5 5. f4 e6 6. Nf3 Be7 7. 0-0 Nbd7 8. Ne5 0-0 9. Rf3 Ne4 10. Rh3 f5 11. Nxd7 Bxd7 12. Ba5 Qc8 13. Nd2 c6 14. g4 Qe8 15. g5 Qg6 16. Be2 Qe8 17. Nxe4 fxe4 18. Bc7 e5 19. Bxe5 Bxh3 20. Bh5 g6 21. Bg4 Bxg4 22. Qxg4 Qc8 23. Qh4 Rf7 24. f5 Qxf5 0-1

[Event "Oskarja Memorial 10th"]
[Site "Chess.com INT"]
[Date "2021.01.16"]
[Round "4"]
[White "Saina, Ivan"]
[Black "Zobenica, Cedomir"]
[Result "1-0"]
[WhiteElo "1399"]
[BlackElo "1430"]
[PlyCount "97"]
[EventDate "2021.01.16"]
[EventType "swiss (blitz)"]
[EventRounds "15"]
[EventCountry "SLO"]
[SourceTitle "CBM 200 Extra"]
[Source "ChessBase"]
[SourceDate "2021.03.31"]
[SourceVersion "1"]
[SourceVersionDate "2021.03.31"]
[SourceQuality "1"]

1. e4 g6 2. d4 Bg7 3. c4 d6 4. Nf3 e6 5. Bd3 Ne7 6. 0-0 Nd7 7. Qc2 e5 8. d5 0-0 9. Nc3 Nc5 10. Be3 Nxd3 11. Qxd3 b6 12. b4 a5 13. bxa5 Rxa5 14. Rfb1 Ba6 15. Bd2 Ra3 16. Qe2 Qd7 17. Rb3 Rxb3 18. axb3 Bb7 19. Be3 f5 20. Bd2 f4 21. Ra7 Rb8 22. g3 fxg3 23. fxg3 Qc8 24. Bg5 Bf8 25. Ra1 Ra8 26. Ra2 Rxa2 27. Nxa2 Qa8 28. Nc3 Qa1+ 29. Qe1 Qa3 30. Qb1 Qc5+ 31. Kg2 c6 32. Qe1 cxd5 33. exd5 Nf5 34. Ne4 Qc7 35. g4 Ne7 36. Qh4 Bg7 37. Bxe7 Qd7 38. Bf6 Qf7 39. Bxg7 Kxg7 40. Neg5 Qg8 41. Ne6+ Kh8 42. Nfg5 Bc8 43. Nd8 h5 44. Nde6 Bxe6 45. Nxe6 Qf7 46. Qd8+ Kh7 47. Ng5+ Kg7 48. Nxf7 Kxf7 49. Qxd6 1-0